Every Triple Alliance - Statistics

General Stats
  • This quiz has been taken 49 times
  • The average score is 16 of 21
Answer Stats
Hint Answer % Correct
Europe, 1596~1604 Formed to combat Spain England
100%
Europe, 1668~1672 To fight/negotiate with France England
100%
Europe, 1596~1604 Formed to combat Spain France
100%
Europe, 1717-1718 Fought Spain in 1718 France
100%
Europe, 1717-1718 Fought Spain in 1718 Great Britain
100%
Europe, 1788-1791 To combat Russian power Great Britain
100%
Europe, 1882-1915 Fought the Triple Entente in WWI Germany
98%
Europe, 1882-1915 Fought the Triple Entente in WWI Italy
98%
Europe, 1882-1915 Fought the Triple Entente in WWI Austria-Hungary
96%
South America, 1864–1870 Annihilated Paraguay Brazil
96%
South America, 1864–1870 Annihilated Paraguay Argentina
89%
South America, 1864–1870 Annihilated Paraguay Uruguay
85%
Europe, 1596~1604 Formed to combat Spain Dutch Republic
81%
Europe, 1668~1672 To fight/negotiate with France Dutch Republic
81%
Europe, 1717-1718 Fought Spain in 1718 Dutch Republic
81%
Europe, 1788-1791 To combat Russian power Dutch Republic
81%
Europe, 1788-1791 To combat Russian power Prussia
68%
Europe, 1668~1672 To fight/negotiate with France Swedish Empire
53%
North America, 1428–1521 Formed the Aztec Empire Tenochtitlan
19%
North America, 1428–1521 Formed the Aztec Empire Texcoco
6%
North America, 1428–1521 Formed the Aztec Empire Tlacopan
4%
No matching quizzes found
Score Distribution
Percent of People with Each Score
Percentile by Number Answered
Your Score History
You have not taken this quiz